000 01211cab a2200205 4500
001 ##L131203
008 051006n2005 000 0 eng u
035 _a(Sirsi) u131203
041 0 _aeng
245 0 0 _aStanding tall
260 _c2005
490 0 _aFire Engineers Journal and Fire Protection
_v65(260) September 2005, 13-16(3)
520 _aReports that the National Institute of Standards and Technology (NIST) has made 30 recommendations on improving the safety of tall buildings following the September 11 attacks. Detailed recommendations are discussed under the headings of increasing structural integrity, enhancing the fire resistance of structures, developing new methods for fire-resistance design of structures, implementing active fire-protection systems, improving building evacuation, emergency response, and practices and procedures, and providing better education and training for fire safety professionals.
590 _aIKA111005
650 2 4 _aFINAL REPORT OF THE NATIONAL CONSTRUCTION SAFETY TEAM ON THE COLLAPSE OF THE WORLD TRADE CENTER TOWERS
650 2 4 _aSEPTEMBER 11 ATTACKS
651 4 _aUNITED STATES
690 _aMANAGEMENT-HEALTH AND SAFETY-FIRE SAFETY
942 _n0
999 _c75983
_d75983